中史初階小測驗(七) - Statistics

General Stats
  • This quiz has been taken 50 times
  • The average score is 8 of 10
Answer Stats
Question Answer % Correct
中國與歐洲在十八世紀以什麼貨幣作交易? 白銀
92%
英法聯軍在二次鴉片戰爭中燒毀了什麼? 圓明園
92%
1911年10月10日辛亥革命在哪裏爆發? 武昌(今武漢內)
92%
第一次鴉片戰爭是怎樣爆發的? 清廷禁煙並銷毀鴉片
83%
太平天國洪秀全天王自稱是誰? 耶穌弟弟
83%
清朝的北洋艦隊在中日甲午戰爭中是怎樣被殲滅的? 被日軍較小較快及較新的艦隊殲滅
83%
日本在中日甲午戰爭後爲什麼把遼東半島還給中國? 在俄法德三國干涉下被逼還遼
83%
以下哪個國家沒有參與八國聯軍? 荷蘭
75%
1860年,俄羅斯是怎樣奪取海參崴? 清廷在北京條約中割讓
58%
中國爲什麼沒有在1899年像非洲般被列強分割? 美國提出對中國門戶開放政策
42%
No matching quizzes found
Score Distribution
Percent of People with Each Score
Percentile by Number Answered
Your Score History
You have not taken this quiz